[Event "BCF-chT3S 1213 (4NCL)"]
[Site "England"]
[Date "2012.11.03"]
[Round "1.69"]
[White "Rabbitt, Michael"]
[Black "Poderico, Francesco"]
[Result "1-0"]
[WhiteElo "2084"]
[BlackElo "1684"]
[PlyCount "46"]
[EventDate "2012.11.03"]
[EventType "team-swiss"]
[EventRounds "6"]
[EventCountry "ENG"]
[SourceTitle "EXT 2014"]
[Source "ChessBase"]
[SourceDate "2013.11.20"]
[SourceVersion "1"]
[SourceVersionDate "2013.11.20"]
[SourceQuality "1"]
[WhiteTeam "Brown Jack"]
[BlackTeam "Banbury Bulldogs"]
[WhiteTeamCountry "ENG"]
[BlackTeamCountry "ENG"]

1. e4 Nc6 2. Nf3 Nf6 3. e5 Ng4 4. d4 d6 5. h3 Nh6 6. exd6 Qxd6 7. g4 g6 8. Nc3 a6 9. Be3 f5 10. Qd2 fxg4 11. Bxh6 Bxh6 12. Qxh6 gxf3 13. 0-0-0 Bf5 14. Bd3 Bxd3 15. Rxd3 0-0-0 16. Rhd1 Qf6 17. d5 Ne5 18. Rd4 Nf7 19. Qe3 Qg5 20. Rf4 Rhf8 21. h4 Qh6 22. Kb1 Kb8 23. Re4 Nd6 1-0

[Event "High Wycombe e2e4 Major op 03"]
[Site "High Wycombe"]
[Date "2012.03.18"]
[Round "5"]
[White "Mavinkurve, Aditya"]
[Black "Poderico, Francesco"]
[Result "1/2-1/2"]
[WhiteElo "1770"]
[BlackElo "1678"]
[PlyCount "109"]
[EventDate "2012.03.16"]
[EventType "swiss"]
[EventRounds "5"]
[EventCountry "ENG"]
[SourceTitle "EXT 2014"]
[Source "ChessBase"]
[SourceDate "2013.11.20"]
[SourceVersion "1"]
[SourceVersionDate "2013.11.20"]
[SourceQuality "1"]

1. e4 Nc6 2. d4 d5 3. e5 f6 4. Bf4 Bf5 5. Nf3 e6 6. c3 g5 7. Be3 Bg7 8. exf6 Bxf6 9. Nxg5 Qe7 10. Nf3 0-0-0 11. Bd3 Bg4 12. h3 Bh5 13. g4 Bg6 14. Na3 e5 15. Bxg6 hxg6 16. dxe5 Nxe5 17. Nxe5 Bxe5 18. Nc2 Nf6 19. Qe2 Ne4 20. Bd4 Rdf8 21. Be3 Nxc3 22. bxc3 Bxc3+ 23. Bd2 Qxe2+ 24. Kxe2 Bxa1 25. Nxa1 c5 26. Rh2 Kd7 27. f4 Kc6 28. Nc2 d4 29. Kd3 Kd5 30. Na3 a6 31. Nc4 Rf6 32. g5 Re6 33. Ne5 b5 34. h4 c4+ 35. Kc2 Ke4 36. Re2+ Kd5 37. Rh2 d3+ 38. Kc3 a5 39. a3 Rb6 40. Nxd3 cxd3 41. Kxd3 b4 42. axb4 axb4 43. Be3 Rb5 44. Bd4 Ra8 45. Bb2 Rc8 46. h5 gxh5 47. Rxh5 Ke6 48. Rh6+ Kf5 49. Rf6+ Kg4 50. g6 Rf5 51. g7 Rxf6 52. Bxf6 Kxf4 53. Kd2 Ke4 54. Be7 b3 55. Bf8 1/2-1/2

[Event "High Wycombe e2e4 Major op 03"]
[Site "High Wycombe"]
[Date "2012.03.17"]
[Round "3"]
[White "Poderico, Francesco"]
[Black "Kelly, Anthony G"]
[Result "0-1"]
[WhiteElo "1678"]
[BlackElo "1950"]
[PlyCount "68"]
[EventDate "2012.03.16"]
[EventType "swiss"]
[EventRounds "5"]
[EventCountry "ENG"]
[SourceTitle "EXT 2014"]
[Source "ChessBase"]
[SourceDate "2013.11.20"]
[SourceVersion "1"]
[SourceVersionDate "2013.11.20"]
[SourceQuality "1"]

1. e4 e6 2. d3 d5 3. Nd2 c5 4. g3 Nf6 5. Bg2 Nc6 6. Ngf3 Be7 7. 0-0 0-0 8. e5 Nd7 9. Re1 f6 10. exf6 Nxf6 11. Nf1 Bd6 12. Bg5 h6 13. Bd2 e5 14. Ne3 Be6 15. h4 Ng4 16. Qe2 Nxf2 17. Rf1 Ng4 18. c3 Nxe3 19. Bxe3 e4 20. dxe4 dxe4 21. Nd2 Bxg3 22. Nxe4 Qxh4 23. Nxg3 Qxg3 24. Bf2 Qg6 25. Bxc5 Rxf1+ 26. Rxf1 Bxa2 27. Re1 Bd5 28. c4 Bxg2 29. Qxg2 Qxg2+ 30. Kxg2 Rd8 31. Kf3 Rd2 32. b4 b6 33. b5 Nd4+ 34. Ke3 bxc5 0-1

[Event "High Wycombe e2e4 Major"]
[Site "Uplands Park"]
[Date "2011.10.10"]
[Round "1"]
[White "Taylor, Adam C"]
[Black "Poderico, Francesco"]
[Result "0-1"]
[WhiteElo "1735"]
[BlackElo "1906"]
[PlyCount "110"]
[EventDate "2011.10.07"]
[EventType "swiss"]
[EventRounds "5"]
[EventCountry "ENG"]
[SourceTitle "EXT 2023"]
[Source "ChessBase"]
[SourceDate "2022.10.05"]
[SourceVersion "1"]
[SourceVersionDate "2022.10.05"]
[SourceQuality "1"]

1. c4 e5 2. Nc3 Nc6 3. g3 f5 4. Bg2 Nf6 5. e3 d5 6. Nxd5 Nxd5 7. Bxd5 Nb4 8. Bg2 Qd3 9. Qh5+ g6 10. Qe2 Nc2+ 11. Kd1 Qxe2+ 12. Nxe2 Nxa1 13. b3 Bg7 14. Bb2 Nxb3 15. axb3 0-0 16. h4 e4 17. Ba3 Re8 18. h5 Be6 19. g4 b5 20. hxg6 hxg6 21. d4 bxc4 22. Nf4 Bf7 23. bxc4 Rab8 24. Kc2 Bxc4 25. Nxg6 Bd3+ 26. Kc3 Rb1 27. Rxb1 Bxb1 28. gxf5 Kf7 29. Bf1 Ba2 30. Nf4 Rb8 31. Bc4+ Bxc4 32. Kxc4 Bf8 33. Bxf8 Kxf8 34. Ne6+ Ke7 35. Nc5 a5 36. Kd5 Rb2 37. Kxe4 Rxf2 38. Ke5 c6 39. e4 Rf1 40. d5 cxd5 41. Kxd5 Rd1+ 42. Kc4 Rb1 43. e5 Rb4+ 44. Kc3 Rf4 45. f6+ Kf7 46. Nb7 Rf3+ 47. Kd4 a4 48. Nd8+ Ke8 49. Nc6 a3 50. Kd5 a2 51. f7+ Kxf7 52. e6+ Ke8 53. Ne5 Rf5 54. Kd6 Rxe5 55. Kxe5 a1Q+ 0-1

[Event "High Wycombe e2e4 Major"]
[Site "Uplands Park"]
[Date "2011.10.08"]
[Round "2"]
[White "Poderico, Francesco"]
[Black "Staneland, Peter E"]
[Result "0-1"]
[WhiteElo "1906"]
[BlackElo "1796"]
[PlyCount "34"]
[EventDate "2011.10.07"]
[EventType "swiss"]
[EventRounds "5"]
[EventCountry "ENG"]
[SourceTitle "EXT 2023"]
[Source "ChessBase"]
[SourceDate "2022.10.05"]
[SourceVersion "1"]
[SourceVersionDate "2022.10.05"]
[SourceQuality "1"]

1. d4 Nf6 2. Nf3 d5 3. Bf4 c6 4. c4 e6 5. c5 b6 6. Bxb8 Rxb8 7. Ne5 Bd7 8. Qa4 Qc7 9. b4 Be7 10. e3 0-0 11. Nd2 a5 12. cxb6 Rxb6 13. bxa5 Rb4 14. Qc2 Qxa5 15. Nxd7 Nxd7 16. Qxc6 Rb2 17. Qc1 Rxd2 0-1

[Event "Sunningdale e2e4 Major"]
[Site "Sunningdale"]
[Date "2011.09.18"]
[Round "4"]
[White "Georgiev, Ivan1111"]
[Black "Poderico, Francesco"]
[Result "0-1"]
[WhiteElo "1821"]
[BlackElo "1906"]
[PlyCount "64"]
[EventDate "2011.09.16"]
[EventType "swiss"]
[EventRounds "5"]
[EventCountry "ENG"]
[SourceTitle "EXT 2023"]
[Source "ChessBase"]
[SourceDate "2022.10.05"]
[SourceVersion "1"]
[SourceVersionDate "2022.10.05"]
[SourceQuality "1"]

1. e4 Nf6 2. e5 Nd5 3. d4 d6 4. c4 Nb6 5. exd6 cxd6 6. Nc3 g6 7. Be3 Bg7 8. Rc1 0-0 9. Be2 Nc6 10. b3 e5 11. d5 Nd4 12. Bxd4 exd4 13. Nb5 Qg5 14. g3 a6 15. Nxd6 d3 16. Nxc8 dxe2 17. Nxe2 Raxc8 18. 0-0 Nd7 19. Nf4 Bb2 20. Rc2 Ba3 21. Qe1 Bd6 22. Nd3 b5 23. f4 Qf5 24. Qd2 bxc4 25. bxc4 Nc5 26. Ne1 Rfe8 27. Nf3 Qe4 28. Nd4 Nd3 29. Nf3 Rxc4 30. Rxc4 Qxc4 31. Rd1 Bc5+ 32. Kg2 Re2+ 0-1

[Event "Sunningdale e2e4 Major"]
[Site "Sunningdale"]
[Date "2011.09.18"]
[Round "5"]
[White "Poderico, Francesco"]
[Black "Shepherd, Katherine M"]
[Result "1-0"]
[WhiteElo "1906"]
[BlackElo "1761"]
[PlyCount "161"]
[EventDate "2011.09.16"]
[EventType "swiss"]
[EventRounds "5"]
[EventCountry "ENG"]
[SourceTitle "EXT 2023"]
[Source "ChessBase"]
[SourceDate "2022.10.05"]
[SourceVersion "1"]
[SourceVersionDate "2022.10.05"]
[SourceQuality "1"]

1. e4 e6 2. d4 d5 3. Nc3 Nf6 4. Bg5 Be7 5. e5 Nfd7 6. Bxe7 Qxe7 7. Qg4 f5 8. Qh5+ Qf7 9. Qxf7+ Kxf7 10. Nb5 Na6 11. f4 Nb6 12. Nf3 h6 13. h4 Bd7 14. c3 Nc4 15. Bxc4 dxc4 16. a4 Rhc8 17. Nd2 Nb8 18. Kf2 a6 19. Na3 Bxa4 20. Naxc4 Bc6 21. Ne3 Rd8 22. Rhg1 g6 23. g4 Nd7 24. Rg3 Nb6 25. Rag1 Rg8 26. b3 Nd5 27. Nxd5 Bxd5 28. Ke3 b6 29. c4 Bb7 30. Nb1 c6 31. Nc3 b5 32. Ne2 fxg4 33. Rxg4 h5 34. Rg5 Rac8 35. c5 a5 36. Nc3 Rg7 37. Ne4 Rcg8 38. Nf6 Rh8 39. Ra1 Ra8 40. Ne4 Kg8 41. Nd6 Kh7 42. Ke4 b4 43. Ra4 Ba6 44. Ke3 Bf1 45. Rg1 Bh3 46. Rga1 Rga7 47. Nc4 Bg2 48. Nb6 Rb8 49. Rxa5 Rxa5 50. Rxa5 Rb7 51. Ra8 Rc7 52. Ra4 Kg7 53. Rxb4 Kf7 54. Ra4 Bd5 55. b4 Bg2 56. Ra8 Bf1 57. Rh8 Kg7 58. Rd8 Kf7 59. Kd2 Bg2 60. Kc3 Bf1 61. Ra8 Bg2 62. Nc8 Kg7 63. Nd6 Kh7 64. Ne8 Re7 65. Nf6+ Kg7 66. Rg8+ Kf7 67. Rh8 Kg7 68. Rd8 Bf3 69. b5 cxb5 70. Kb4 Be2 71. c6 Ra7 72. Rd7+ Rxd7 73. cxd7 Bg4 74. d8Q g5 75. fxg5 Kg6 76. Qg8+ Kf5 77. Qh7+ Kf4 78. Qe4+ Kg3 79. Qe1+ Kf3 80. g6 Bf5 81. g7 1-0

[Event "Sunningdale e2e4 Major"]
[Site "Sunningdale"]
[Date "2011.09.17"]
[Round "2"]
[White "Buttell, David"]
[Black "Poderico, Francesco"]
[Result "1-0"]
[WhiteElo "1797"]
[BlackElo "1906"]
[PlyCount "107"]
[EventDate "2011.09.16"]
[EventType "swiss"]
[EventRounds "5"]
[EventCountry "ENG"]
[SourceTitle "EXT 2023"]
[Source "ChessBase"]
[SourceDate "2022.10.05"]
[SourceVersion "1"]
[SourceVersionDate "2022.10.05"]
[SourceQuality "1"]

1. d4 d5 2. c4 c6 3. Nf3 e6 4. cxd5 exd5 5. Nc3 Be7 6. b3 Nd7 7. Bf4 Ngf6 8. e3 Ne4 9. Nxe4 dxe4 10. Nd2 Qa5 11. a3 Nf6 12. b4 Qf5 13. Bc4 Qg6 14. Kf1 Be6 15. Rc1 0-0 16. Qe2 a5 17. Bxe6 fxe6 18. Nc4 axb4 19. Ne5 Qe8 20. axb4 Bxb4 21. g4 Nd5 22. Bg3 Ra3 23. Kg2 Qe7 24. Nc4 Nc3 25. Qc2 Ra6 26. Qb3 Ne2 27. Rb1 Nxg3 28. fxg3 c5 29. dxc5 Bxc5 30. Rhf1 Rxf1 31. Rxf1 b6 32. Qb1 Ra4 33. Qb3 Rb4 34. Qa2 Qe8 35. Rf4 b5 36. Nd2 Bxe3 37. Rxe4 Rxe4 38. Nxe4 Qc6 39. Kf3 Bd4 40. Qa5 Qd5 41. Qb4 Qc4 42. Qxc4 bxc4 43. Ke2 e5 44. Nd6 c3 45. Ne4 Kf8 46. Kd3 Ke7 47. Nxc3 Ke6 48. Ne4 h6 49. h4 Bb2 50. Ke2 Kd5 51. Kf3 Bc1 52. Nc3+ Kc4 53. Ne2 Kd3 54. Nxc1+ 1-0

[Event "Uxbridge e2e4 Major op"]
[Site "Uxbridge"]
[Date "2011.03.20"]
[Round "4"]
[White "Poderico, Francesco"]
[Black "Manuchehri, Alireza"]
[Result "1-0"]
[WhiteElo "1842"]
[BlackElo "1782"]
[PlyCount "160"]
[EventDate "2011.03.18"]
[EventType "swiss"]
[EventRounds "5"]
[EventCountry "ENG"]
[SourceTitle "EXT 2023"]
[Source "ChessBase"]
[SourceDate "2022.10.05"]
[SourceVersion "1"]
[SourceVersionDate "2022.10.05"]
[SourceQuality "1"]

1. d4 Nf6 2. Nf3 g6 3. Bf4 Bg7 4. e3 0-0 5. c4 c5 6. Nc3 cxd4 7. exd4 d5 8. c5 Ne4 9. Qb3 Qa5 10. Qb5 Qd8 11. Be2 Nc6 12. Rd1 Re8 13. Nxe4 dxe4 14. Ne5 a6 15. Qb3 Nxe5 16. dxe5 Qa5+ 17. Qc3 Qxc3+ 18. bxc3 Be6 19. Rb1 Bd5 20. c4 Bc6 21. Kd2 e3+ 22. Kxe3 Bxg2 23. Rhd1 Bc6 24. Bf3 Bxf3 25. Kxf3 Rac8 26. Be3 Bxe5 27. Rxb7 Bf6 28. Rdd7 Kg7 29. Ke4 Rc6 30. Rdc7 Re6+ 31. Kf3 Be5 32. Rd7 Bxh2 33. Rb6 Be5 34. Rxe6 fxe6 35. Ke4 Bb8 36. c6 Rc8 37. Rxe7+ Kf6 38. Rxh7 Rxc6 39. c5 Be5 40. Rb7 Bc7 41. f3 Ba5 42. Bd4+ Kg5 43. Be3+ Kf6 44. Kd4 Bc7 45. a4 Kf5 46. Bd2 Be5+ 47. Kc4 Bc7 48. a5 Bd6 49. Bb4 Rc8 50. Rb6 Bc7 51. Rxa6 g5 52. Bd2 Bf4 53. Bc3 Be3 54. Bd4 Kf4 55. Rxe6 Bxd4 56. Kxd4 Kxf3 57. a6 g4 58. Rf6+ Ke2 59. Rg6 Kf3 60. a7 g3 61. c6 g2 62. c7 Kf2 63. Kd5 g1Q 64. Rxg1 Kxg1 65. Kd6 Ra8 66. Kc6 Rxa7 67. c8Q Ra2 68. Qg8+ Rg2 69. Qh8 Rh2 70. Qd4+ Rf2 71. Kd5 Kg2 72. Qe4+ Kf1 73. Kd4 Rd2+ 74. Kc3 Re2 75. Qh1+ Kf2 76. Qh2+ Kf1 77. Qh3+ Kf2 78. Qf5+ Ke1 79. Qf4 Rf2 80. Qe3+ Kf1 1-0

[Event "Uxbridge e2e4 Major op"]
[Site "Uxbridge"]
[Date "2011.03.19"]
[Round "2"]
[White "Poderico, Francesco"]
[Black "Wang, Xingliang Anna"]
[Result "1-0"]
[WhiteElo "1842"]
[BlackElo "1736"]
[PlyCount "69"]
[EventDate "2011.03.18"]
[EventType "swiss"]
[EventRounds "5"]
[EventCountry "ENG"]
[SourceTitle "EXT 2023"]
[Source "ChessBase"]
[SourceDate "2022.10.05"]
[SourceVersion "1"]
[SourceVersionDate "2022.10.05"]
[SourceQuality "1"]

1. d4 Nf6 2. Nf3 g6 3. Bf4 Bg7 4. e3 0-0 5. c4 d6 6. Nc3 Nbd7 7. Be2 c5 8. 0-0 h6 9. h3 b6 10. d5 Nh7 11. e4 Ndf6 12. Qd2 h5 13. Bh6 Rb8 14. Bxg7 Kxg7 15. e5 dxe5 16. Nxe5 Bb7 17. f4 a6 18. a4 Qc7 19. Rad1 Rbd8 20. Bf3 Nd7 21. Qe2 Nhf6 22. Rfe1 Rfe8 23. g3 Nf8 24. Qg2 Ba8 25. g4 hxg4 26. hxg4 N8d7 27. g5 Nh7 28. Qh3 Nxe5 29. Qh6+ Kg8 30. fxe5 Nf8 31. Rd2 f6 32. Rh2 Kf7 33. e6+ Nxe6 34. dxe6+ Kg8 35. Qh8# 1-0

[Event "Uxbridge e2e4 Major op"]
[Site "Uxbridge"]
[Date "2011.03.19"]
[Round "3"]
[White "Ward, Matthew J"]
[Black "Poderico, Francesco"]
[Result "1-0"]
[WhiteElo "1787"]
[BlackElo "1842"]
[PlyCount "75"]
[EventDate "2011.03.18"]
[EventType "swiss"]
[EventRounds "5"]
[EventCountry "ENG"]
[SourceTitle "EXT 2023"]
[Source "ChessBase"]
[SourceDate "2022.10.05"]
[SourceVersion "1"]
[SourceVersionDate "2022.10.05"]
[SourceQuality "1"]

1. d4 Nf6 2. Nf3 c5 3. d5 g6 4. c4 Bg7 5. Nc3 d6 6. e4 0-0 7. Be2 Na6 8. 0-0 Bd7 9. Bg5 Nc7 10. Qd2 Re8 11. e5 dxe5 12. Nxe5 Bf5 13. Bf4 Nd7 14. Nf3 Nf6 15. h3 a6 16. Rad1 Ne4 17. Nxe4 Bxe4 18. Qe3 Bxf3 19. Bxf3 Bd4 20. Qb3 e5 21. dxe6 Nxe6 22. Bg3 Qe7 23. Qxb7 Qxb7 24. Bxb7 Ra7 25. Bc6 Rc8 26. Bd5 Bxb2 27. Bxe6 fxe6 28. Rd6 Kf7 29. Rb1 Bd4 30. Rbb6 e5 31. Rxa6 Raa8 32. Rab6 Rxa2 33. Rb7+ Kg8 34. Re6 Rf8 35. Bxe5 Rfxf2 36. Bxd4 Rxg2+ 37. Kf1 cxd4 38. Re8# 1-0

[Event "FICGS class D 000126 email"]
[Site "FICGS email"]
[Date "2009.07.13"]
[Round "1"]
[White "Price, Eric A Sr"]
[Black "Poderico, Francesco"]
[Result "1/2-1/2"]
[WhiteElo "1615"]
[BlackElo "1580"]
[PlyCount "56"]
[EventDate "2009.??.??"]
[EventType "tourn (corr)"]
[EventRounds "6"]
[SourceTitle "Corr 2022"]
[Source "ChessBase"]
[SourceDate "2021.10.24"]
[SourceVersion "1"]
[SourceVersionDate "2021.10.24"]
[SourceQuality "1"]

1. e4 c5 2. Nf3 g6 3. d4 cxd4 4. Nxd4 Nc6 5. Nc3 Bg7 6. Be3 Nf6 7. f3 0-0 8. Bc4 Qb6 9. Bb3 Nxe4 10. Nd5 Qa5+ 11. c3 Nc5 12. Nxc6 dxc6 13. Nxe7+ Kh8 14. Nxc8 Raxc8 15. 0-0 Rcd8 16. Qc2 Nxb3 17. axb3 Qe5 18. Bxa7 c5 19. Rfe1 Qc7 20. Qf2 Rd5 21. b4 cxb4 22. Bd4 bxc3 23. bxc3 Bxd4 24. cxd4 Qc4 25. Rec1 Qxd4 26. Qxd4+ Rxd4 27. Rc7 Rb4 28. Ra7 Kg8 1/2-1/2

[Event "FICGS class E 000105 email"]
[Site "FICGS email"]
[Date "2009.05.01"]
[Round "1"]
[White "Aguado Lopez, Antonio"]
[Black "Poderico, Francesco"]
[Result "0-1"]
[WhiteElo "1400"]
[BlackElo "1583"]
[PlyCount "88"]
[EventDate "2009.??.??"]
[EventType "tourn (corr)"]
[EventRounds "5"]
[SourceTitle "Corr 2022"]
[Source "ChessBase"]
[SourceDate "2021.10.24"]
[SourceVersion "1"]
[SourceVersionDate "2021.10.24"]
[SourceQuality "1"]

1. e4 e5 2. Nf3 d5 3. Bd3 dxe4 4. Bxe4 f5 5. Bd3 e4 6. Qe2 Qe7 7. Bb5+ c6 8. Nd4 cxb5 9. Qxb5+ Qd7 10. Qe5+ Ne7 11. Ne6 Qxe6 12. Qb5+ Nbc6 13. 0-0 Qd5 14. Nc3 Qxb5 15. Nxb5 Kd8 16. Re1 Nd5 17. c4 Nc7 18. Nc3 Bb4 19. Na4 Nd4 20. Rb1 Bd7 21. a3 Bxa4 22. axb4 Bc2 23. Ra1 Bd3 24. Ra3 Nc2 25. Rd1 Nxa3 26. bxa3 Bxc4 27. Bb2 Ne6 28. Rc1 b5 29. a4 a6 30. a5 Ke7 31. Re1 Bd3 32. f3 Rhc8 33. Bc3 Rc4 34. Re3 Kf7 35. Kf2 Rd8 36. g3 Ng5 37. f4 Nf3 38. Kg2 Nxd2 39. Bxd2 Rc2 40. Kg1 Rxd2 41. h4 Rc8 42. Re1 Rcc2 43. Kh1 Rh2+ 44. Kg1 Rcg2# 0-1

[Event "FICGS class E 000105 email"]
[Site "FICGS email"]
[Date "2009.05.01"]
[Round "1"]
[White "Moreno, Ciro"]
[Black "Poderico, Francesco"]
[Result "1-0"]
[WhiteElo "1400"]
[BlackElo "1583"]
[PlyCount "49"]
[EventDate "2009.??.??"]
[EventType "tourn (corr)"]
[EventRounds "5"]
[SourceTitle "Corr 2022"]
[Source "ChessBase"]
[SourceDate "2021.10.24"]
[SourceVersion "1"]
[SourceVersionDate "2021.10.24"]
[SourceQuality "1"]

1. c4 e5 2. Nc3 Nc6 3. g3 f5 4. Bg2 Nf6 5. d3 Bb4 6. Bg5 0-0 7. Nf3 d6 8. 0-0 h6 9. Bxf6 Qxf6 10. Nd5 Qf7 11. a3 Bc5 12. b4 Bd4 13. Nxd4 Nxd4 14. e3 Ne6 15. b5 f4 16. exf4 exf4 17. Qf3 Ng5 18. Qxf4 Qd7 19. Qh4 Nf3+ 20. Bxf3 Rxf3 21. Rae1 c6 22. Qe4 Qf7 23. bxc6 bxc6 24. Ne7+ Kf8 25. Qxc6 1-0

[Event "FICGS class C 000011 email"]
[Site "FICGS email"]
[Date "2006.08.24"]
[Round "1"]
[White "Poderico, Francesco"]
[Black "Bhandarkar, Dinesh"]
[Result "1-0"]
[WhiteElo "1700"]
[BlackElo "1986"]
[PlyCount "77"]
[EventDate "2006.??.??"]
[EventType "tourn (corr)"]
[EventRounds "4"]
[SourceTitle "Corr 2022"]
[Source "ChessBase"]
[SourceDate "2021.10.24"]
[SourceVersion "1"]
[SourceVersionDate "2021.10.24"]
[SourceQuality "1"]

1. d4 d5 2. c4 e6 3. Nc3 Nf6 4. Bg5 Nbd7 5. e3 Be7 6. Nf3 0-0 7. Rc1 c6 8. Bd3 dxc4 9. Bxc4 Nd5 10. Bxe7 Qxe7 11. Ne4 N5f6 12. Nxf6+ Nxf6 13. 0-0 b6 14. Ne5 Bb7 15. Be2 Rac8 16. Qa4 c5 17. Qxa7 Nd5 18. Ba6 Bxa6 19. Qxa6 Ra8 20. Qc4 cxd4 21. Nc6 Qc7 22. exd4 Rfc8 23. Ne7+ Nxe7 24. Qxc7 Rxc7 25. Rxc7 Nd5 26. Rcc1 g6 27. a3 Kg7 28. Rc2 b5 29. Rfc1 b4 30. Rc8 Ra7 31. Ra1 bxa3 32. bxa3 Ra4 33. g3 Rxd4 34. Ra8 Nb6 35. Rb8 Nd5 36. a4 Nf6 37. a5 Ng4 38. Rb2 Ne5 39. a6 1-0

[Event "FICGS class C 000011 email"]
[Site "FICGS email"]
[Date "2006.08.24"]
[Round "1"]
[White "Poderico, Francesco"]
[Black "Plante, Marc Eric"]
[Result "0-1"]
[WhiteElo "1700"]
[BlackElo "1600"]
[PlyCount "22"]
[EventDate "2006.??.??"]
[EventType "tourn (corr)"]
[EventRounds "4"]
[SourceTitle "Corr 2022"]
[Source "ChessBase"]
[SourceDate "2021.10.24"]
[SourceVersion "1"]
[SourceVersionDate "2021.10.24"]
[SourceQuality "1"]

1. d4 Nf6 2. c4 g6 3. Nc3 Bg7 4. Nf3 0-0 5. Bf4 d6 6. e3 c5 7. Be2 Nh5 8. Bg5 h6 9. Bh4 g5 10. Nd2 cxd4 11. Bxh5 dxc3 0-1